[Event "Doeberl Cup 46th"]
[Site "Canberra"]
[Date "2008.03.21"]
[Round "3"]
[White "Johansen, Darryl Keith"]
[Black "Skiotis, Pano"]
[Result "1-0"]
[WhiteElo "2475"]
[BlackElo "2174"]
[PlyCount "67"]
[EventDate "2008.03.20"]
[EventType "swiss"]
[EventRounds "9"]
[EventCountry "AUS"]
[SourceTitle "CBM 123 Extra"]
[Source "ChessBase"]
[SourceDate "2008.05.06"]
[SourceVersion "1"]
[SourceVersionDate "2008.05.06"]
[SourceQuality "1"]

1. c4 g6 2. d4 Bg7 3. e4 d6 4. Nc3 Nf6 5. h3 0-0 6. Bg5 h6 7. Be3 e5 8. d5 Kh7 9. g4 c6 10. Nge2 b5 11. cxb5 cxd5 12. Nxd5 Nxe4 13. Bg2 f5 14. Bxe4 fxe4 15. Nec3 Bb7 16. Qa4 Nd7 17. Qxe4 Nc5 18. Bxc5 dxc5 19. 0-0-0 Rb8 20. h4 Rxf2 21. h5 Qg5+ 22. Kb1 Rf4 23. Qxg6+ Qxg6+ 24. hxg6+ Kg8 25. Nxf4 Bxh1 26. Nh5 Bf3 27. Rd7 Rb7 28. Rd8+ Bf8 29. g7 Rf7 30. gxf8Q+ Rxf8 31. Nf6+ Kf7 32. Rxf8+ Kxf8 33. Nd7+ Ke7 34. Nxe5 1-0

[Event "Doeberl Cup 44th"]
[Site "Canberra"]
[Date "2006.04.16"]
[Round "5"]
[White "Skiotis, Pano"]
[Black "Hu, Jason"]
[Result "1-0"]
[WhiteElo "2045"]
[BlackElo "2009"]
[PlyCount "65"]
[EventDate "2006.04.14"]
[EventType "swiss"]
[EventRounds "7"]
[EventCountry "AUS"]
[SourceTitle "CBM 111 Extra"]
[Source "ChessBase"]
[SourceDate "2006.05.09"]
[SourceVersion "1"]
[SourceVersionDate "2006.05.09"]
[SourceQuality "1"]

1. d4 Nc6 2. c4 e5 3. d5 Nce7 4. d6 Ng6 5. dxc7 Qxc7 6. Nc3 Nf6 7. Qa4 Bc5 8. e3 0-0 9. Nf3 d6 10. Be2 Bd7 11. Qb3 a6 12. 0-0 Ba7 13. Bd2 Be6 14. Rac1 Rac8 15. Nd5 Qc6 16. Nxf6+ gxf6 17. Qa3 Kh8 18. b4 Rg8 19. b5 Qe4 20. Qxd6 Rcd8 21. Qb4 Nf4 22. exf4 Qxe2 23. Qe7 Rxg2+ 24. Kxg2 Bh3+ 25. Kxh3 Qxf3+ 26. Kh4 Bxf2+ 27. Rxf2 Qxf2+ 28. Kg4 Qg2+ 29. Kh4 Qxh2+ 30. Kg4 Qg2+ 31. Kh4 Qh2+ 32. Kg4 Rxd2 33. Qf8# 1-0

[Event "Doeberl Cup 44th"]
[Site "Canberra"]
[Date "2006.04.15"]
[Round "3"]
[White "Skiotis, Pano"]
[Black "Farrell, Roger S"]
[Result "0-1"]
[WhiteElo "2045"]
[BlackElo "1985"]
[PlyCount "52"]
[EventDate "2006.04.14"]
[EventType "swiss"]
[EventRounds "7"]
[EventCountry "AUS"]
[SourceTitle "CBM 111 Extra"]
[Source "ChessBase"]
[SourceDate "2006.05.09"]
[SourceVersion "1"]
[SourceVersionDate "2006.05.09"]
[SourceQuality "1"]

1. d4 d5 2. c4 e6 3. Nc3 Nf6 4. Bg5 Be7 5. Nf3 0-0 6. e3 Nbd7 7. Bd3 h6 8. Bh4 b6 9. Qe2 c5 10. 0-0-0 Bb7 11. Bxf6 Nxf6 12. Ne5 cxd4 13. exd4 dxc4 14. Bxc4 Rc8 15. Kb1 Qd6 16. Rhe1 Nd5 17. Ne4 Qb4 18. Bb3 a5 19. Bc2 a4 20. a3 Qa5 21. Nc4 Qa7 22. Ned6 Ra8 23. Qe4 Nc3+ 24. bxc3 Bxe4 25. Bxe4 Rad8 26. Nb5 Qd7 0-1

[Event "Doeberl Cup 40th"]
[Site "Canberra"]
[Date "2002.03.30"]
[Round "4"]
[White "Skiotis, Pano"]
[Black "Dwyer, Daniel"]
[Result "1-0"]
[WhiteElo "2224"]
[BlackElo "2146"]
[PlyCount "101"]
[EventDate "2002.03.29"]
[EventType "swiss"]
[EventRounds "7"]
[EventCountry "AUS"]
[SourceTitle "CBM 087 Extra"]
[Source "ChessBase"]
[SourceDate "2002.05.03"]
[SourceVersion "2"]
[SourceVersionDate "2002.08.09"]
[SourceQuality "1"]

1. d4 d5 2. c4 e6 3. Nc3 c6 4. cxd5 exd5 5. Qc2 g6 6. Bf4 Bf5 7. Qd1 Qb6 8. Qd2 Nd7 9. e3 Ngf6 10. f3 Nh5 11. Bg5 h6 12. Bh4 g5 13. Bf2 Nhf6 14. Nge2 Bb4 15. Ng3 Bg6 16. Bd3 Kf8 17. 0-0 Bd6 18. e4 Bf4 19. Qc2 Bxg3 20. hxg3 Re8 21. e5 Bxd3 22. Qxd3 Nh5 23. Rae1 Re6 24. b3 Ke8 25. Ne2 Rg8 26. Be3 f6 27. Qh7 Rg7 28. Qxh6 Nxe5 29. Qxh5+ Kd7 30. Nc3 Nd3 31. Na4 Qa5 32. Nc5+ Nxc5 33. dxc5 Rge7 34. Qg4 Kd8 35. Qd4 Qxa2 36. b4 Qc2 37. Bf2 Qg6 38. Rxe6 Rxe6 39. Re1 Kd7 40. Rxe6 Kxe6 41. Qe3+ Kf7 42. g4 Qb1+ 43. Qe1 Qd3 44. Bg3 Qd4+ 45. Kh2 a5 46. Bd6 axb4 47. Qe7+ Kg6 48. Qe8+ Kh7 49. Qf7+ Kh8 50. Be7 Qe5+ 51. Kh3 1-0

[Event "AUS-ch reserves"]
[Site "Melbourne"]
[Date "2001.12.30"]
[Round "3"]
[White "Skiotis, Pano"]
[Black "Power, Paul"]
[Result "1-0"]
[WhiteElo "2178"]
[BlackElo "1632"]
[PlyCount "57"]
[EventDate "2001.12.28"]
[EventType "swiss"]
[EventRounds "11"]
[EventCountry "AUS"]
[SourceTitle "EXT 2003"]
[Source "ChessBase"]
[SourceDate "2002.11.25"]
[SourceVersion "1"]
[SourceVersionDate "2002.11.25"]
[SourceQuality "1"]

1. d4 Nf6 2. c4 g6 3. Nc3 Bg7 4. e4 d6 5. Nf3 0-0 6. Be2 e5 7. 0-0 Nc6 8. d5 Ne7 9. b4 a5 10. Ba3 axb4 11. Bxb4 b6 12. a4 Ne8 13. a5 bxa5 14. Rxa5 Rxa5 15. Bxa5 f5 16. Qb3 Nf6 17. c5 Nxe4 18. Nxe4 fxe4 19. cxd6 Nf5 20. dxc7 Qf6 21. Nd2 Nd4 22. Qc4 Nxe2+ 23. Qxe2 Qd6 24. Qb5 Ba6 25. Nxe4 Bxb5 26. Nxd6 Bd7 27. Rc1 Bc8 28. Nxc8 e4 29. Ne7+ 1-0

[Event "Doeberl Cup 39th"]
[Site "Canberra"]
[Date "2001.04.15"]
[Round "6.2"]
[White "Skiotis, Pano"]
[Black "Lane, Gary William"]
[Result "1/2-1/2"]
[WhiteElo "2056"]
[BlackElo "2434"]
[PlyCount "87"]
[EventDate "2001.04.13"]
[EventType "swiss"]
[EventRounds "7"]
[EventCountry "AUS"]
[SourceTitle "CBM 082 Extra"]
[Source "ChessBase"]
[SourceDate "2001.07.03"]
[SourceVersion "1"]
[SourceVersionDate "2001.07.03"]
[SourceQuality "1"]

1. d4 Nf6 2. c4 g6 3. Nc3 Bg7 4. e4 d6 5. Be2 0-0 6. Nf3 Nbd7 7. Bg5 h6 8. Bh4 e5 9. d5 a5 10. Nd2 Nc5 11. 0-0 g5 12. Bg3 Ne8 13. f3 b6 14. b3 f5 15. a3 f4 16. Bf2 h5 17. b4 Nb7 18. Nb3 Qe7 19. c5 dxc5 20. bxc5 a4 21. d6 Qf7 22. Nd2 Nxc5 23. dxc7 Nxc7 24. Nc4 Qg6 25. Rb1 Be6 26. Rxb6 Nb3 27. Nd5 Rf7 28. Nxc7 Rxc7 29. Qd6 Rac8 30. Qxe6+ Qxe6 31. Rxe6 Rxc4 32. Bxc4 Rxc4 33. Rd1 Nd4 34. Bxd4 exd4 35. Rb1 d3 36. Rd6 Bd4+ 37. Kf1 Kf7 38. Rd1 Be3 39. R6xd3 Rc2 40. Rd7+ Ke6 41. R7d6+ Ke7 42. Rd7+ Ke6 43. R7d6+ Ke7 44. Rd7+ 1/2-1/2

[Event "Doeberl Cup 39th"]
[Site "Canberra"]
[Date "2001.04.13"]
[Round "2.4"]
[White "Rujevic, Mirko"]
[Black "Skiotis, Pano"]
[Result "1-0"]
[WhiteElo "2337"]
[BlackElo "2056"]
[PlyCount "81"]
[EventDate "2001.04.13"]
[EventType "swiss"]
[EventRounds "7"]
[EventCountry "AUS"]
[SourceTitle "CBM 082 Extra"]
[Source "ChessBase"]
[SourceDate "2001.07.03"]
[SourceVersion "1"]
[SourceVersionDate "2001.07.03"]
[SourceQuality "1"]

1. e4 e6 2. d4 d5 3. Nc3 Bb4 4. e5 Qd7 5. Qg4 f5 6. Qh5+ g6 7. Qh4 b6 8. Bd2 Ba6 9. Bxa6 Nxa6 10. Nge2 Be7 11. Bg5 0-0-0 12. a3 h6 13. Bxe7 Nxe7 14. Qg3 g5 15. Qd3 Kb7 16. b4 c6 17. f4 Ng6 18. 0-0 Rhg8 19. b5 Nc7 20. a4 Nxf4 21. Nxf4 gxf4 22. bxc6+ Qxc6 23. Ne2 Rg4 24. Nxf4 Rdg8 25. Rf2 h5 26. Nxh5 Rh8 27. Nf4 Qd7 28. g3 Qh7 29. Qf3 Kb8 30. c4 dxc4 31. Rc1 Qd7 32. Rxc4 Rc8 33. Rfc2 Rcg8 34. Qc3 Re8 35. Rc6 Re7 36. Qb4 Kb7 37. a5 b5 38. a6+ Kb8 39. Qd6 Qe8 40. Rb6+ Ka8 41. Rb7 1-0

[Event "Doeberl Cup 38th"]
[Site "Canberra"]
[Date "2000.04.21"]
[Round "1"]
[White "Skiotis, Pano"]
[Black "Szuveges, Narelle"]
[Result "1-0"]
[WhiteElo "2072"]
[BlackElo "1677"]
[PlyCount "55"]
[EventDate "2000.04.01"]
[EventType "swiss"]
[EventRounds "7"]
[EventCountry "AUS"]
[SourceTitle "EXT 2001"]
[Source "ChessBase"]
[SourceDate "2000.11.22"]
[SourceVersion "1"]
[SourceVersionDate "2000.11.22"]
[SourceQuality "1"]

1. e4 e5 2. Nf3 Nf6 3. Nc3 Nc6 4. Bb5 Bb4 5. d3 d6 6. Bg5 h6 7. Bh4 Bg4 8. 0-0 g5 9. Bg3 Bxc3 10. bxc3 a6 11. Ba4 b5 12. Bb3 Na5 13. Re1 Nxb3 14. axb3 h5 15. h4 Nh7 16. d4 gxh4 17. Bh2 Ng5 18. dxe5 h3 19. Qd3 hxg2 20. Nxg5 Qxg5 21. Rxa6 Rd8 22. exd6 0-0 23. Qe3 Qg7 24. dxc7 Rd1 25. Rxd1 Bxd1 26. Rd6 Bg4 27. Rd8 h4 28. Bd6 1-0